|
|
|
|
| LEADER |
01797nam a22004093i 4500 |
| 001 |
EBC7208042 |
| 003 |
MiAaPQ |
| 005 |
20231204023228.0 |
| 006 |
m o d | |
| 007 |
cr cnu|||||||| |
| 008 |
231204s2023 xx o ||||0 eng d |
| 020 |
|
|
|a 9783658396640
|q (electronic bk.)
|
| 020 |
|
|
|z 9783658396633
|
| 035 |
|
|
|a (MiAaPQ)EBC7208042
|
| 035 |
|
|
|a (Au-PeEL)EBL7208042
|
| 035 |
|
|
|a (OCoLC)1373238160
|
| 040 |
|
|
|a MiAaPQ
|b eng
|e rda
|e pn
|c MiAaPQ
|d MiAaPQ
|
| 050 |
|
4 |
|a K4240-4343
|
| 100 |
1 |
|
|a Dethloff, Nina.
|
| 245 |
1 |
0 |
|a Families and New Media :
|b Comparative Perspectives on Digital Transformations in Law and Society.
|
| 250 |
|
|
|a 1st ed.
|
| 264 |
|
1 |
|a Wiesbaden :
|b Springer Vieweg. in Springer Fachmedien Wiesbaden GmbH,
|c 2023.
|
| 264 |
|
4 |
|c Ã2023.
|
| 300 |
|
|
|a 1 online resource (277 pages)
|
| 336 |
|
|
|a text
|b txt
|2 rdacontent
|
| 337 |
|
|
|a computer
|b c
|2 rdamedia
|
| 338 |
|
|
|a online resource
|b cr
|2 rdacarrier
|
| 490 |
1 |
|
|a Juridicum - Schriften Zum Medien-, Informations- und Datenrecht Series
|
| 588 |
|
|
|a Description based on publisher supplied metadata and other sources.
|
| 590 |
|
|
|a Electronic reproduction. Ann Arbor, Michigan : ProQuest Ebook Central, 2023. Available via World Wide Web. Access may be limited to ProQuest Ebook Central affiliated libraries.
|
| 655 |
|
4 |
|a Electronic books.
|
| 700 |
1 |
|
|a Kaesling, Katharina.
|
| 700 |
1 |
|
|a Specht-Riemenschneider, Louisa.
|
| 776 |
0 |
8 |
|i Print version:
|a Dethloff, Nina
|t Families and New Media
|d Wiesbaden : Springer Vieweg. in Springer Fachmedien Wiesbaden GmbH,c2023
|z 9783658396633
|
| 797 |
2 |
|
|a ProQuest (Firm)
|
| 830 |
|
0 |
|a Juridicum - Schriften Zum Medien-, Informations- und Datenrecht Series
|
| 856 |
4 |
0 |
|u https://ebookcentral.proquest.com/lib/matrademy/detail.action?docID=7208042
|z Click to View
|